[Event "NAYCC U10"]
[Site "Toronto CAN"]
[Date "2013.08.15"]
[Round "3"]
[White "Liu, Daniel1"]
[Black "Frutos, Cole N"]
[Result "1-0"]
[WhiteElo "1627"]
[BlackElo "1721"]
[PlyCount "91"]
[GameId "2160767909258775"]
[EventDate "2013.08.14"]
[EventType "swiss"]
[EventRounds "9"]
[EventCountry "CAN"]
[SourceTitle "EXT 2022"]
[Source "ChessBase"]
[SourceDate "2021.10.06"]
[SourceVersion "1"]
[SourceVersionDate "2021.10.06"]
[SourceQuality "1"]

1. e4 e5 2. Nf3 Nc6 3. Bc4 d6 4. d3 Be7 5. O-O Nf6 6. h3 O-O 7. Nc3 Be6 8. Bb3 Nd7 9. Re1 Nb6 10. Bd2 a5 11. Be3 Qd7 12. Bxb6 cxb6 13. Nd5 Bd8 14. c3 b5 15. a4 b4 16. Ne3 bxc3 17. bxc3 Bb6 18. Ng5 Nd8 19. Nd5 Bxd5 20. Bxd5 h6 21. Nf3 Rc8 22. Rb1 Ba7 23. Qb3 Rc7 24. Nh4 Kh7 25. Re2 Ne6 26. Bxe6 fxe6 27. Rf1 Qc8 28. Rc2 Qe8 29. Kh1 Qh5 30. Nf3 Rxf3 31. gxf3 Qxh3+ 32. Kg1 Rf7 33. Rd1 Rxf3 34. d4 Rg3+ 35. fxg3 Qxg3+ 36. Rg2 Qe3+ 37. Kh2 exd4 38. Rxg7+ Kxg7 39. Qxb7+ Kh8 40. Qa8+ Kg7 41. Qxa7+ Kg6 42. Rg1+ Kh5 43. Qf7+ Kh4 44. Qf6+ Kh5 45. Qg6+ Kh4 46. Qg4# 1-0

[Event "NAYCC U10"]
[Site "Toronto CAN"]
[Date "2013.08.15"]
[Round "3"]
[White "Luo, Benett"]
[Black "Demers, Alexis"]
[Result "0-1"]
[WhiteElo "749"]
[BlackElo "1181"]
[PlyCount "108"]
[GameId "2160767909258776"]
[EventDate "2013.08.14"]
[EventType "swiss"]
[EventRounds "9"]
[EventCountry "CAN"]
[SourceTitle "EXT 2022"]
[Source "ChessBase"]
[SourceDate "2021.10.06"]
[SourceVersion "1"]
[SourceVersionDate "2021.10.06"]
[SourceQuality "1"]

1. d4 Nf6 2. c4 g6 3. Nc3 Bg7 4. e4 d6 5. Bg5 O-O 6. Nf3 h6 7. Be3 Nbd7 8. Qd2 Kh7 9. Bd3 e5 10. d5 Ng4 11. O-O Nxe3 12. fxe3 Nf6 13. Ne2 Bg4 14. h3 Bxf3 15. Rxf3 h5 16. Raf1 Qe7 17. Qe1 Nd7 18. Qf2 f6 19. Qh4 Bh6 20. Qf2 Rf7 21. Ng3 Rg8 22. b4 Bg5 23. Bc2 Nb6 24. Bb3 Rgf8 25. Re1 Bh4 26. Qc2 Bxg3 27. Rxg3 f5 28. a4 f4 29. exf4 exf4 30. Rf3 Qh4 31. Ref1 Kg7 32. c5 Nc8 33. c6 b6 34. Qc3+ Qf6 35. Qxf6+ Rxf6 36. Re1 Re8 37. b5 g5 38. g4 fxg3 39. Rxg3 Kh6 40. Kg2 Re5 41. Re2 Ne7 42. Bc2 Ng6 43. Kh2 Nh4 44. Re1 Nf3+ 45. Rxf3 Rxf3 46. Bd1 Rc3 47. Kg2 Rc4 48. Rf1 Kg6 49. Rf8 Rd4 50. Bf3 Rxa4 51. Rc8 Re7 52. Kg3 Ra5 53. Ra8 Rxb5 54. Rxa7 Rb3 0-1

[Event "NAYCC U10"]
[Site "Toronto CAN"]
[Date "2013.08.15"]
[Round "3"]
[White "Luo, Jia Yu"]
[Black "Sivapathasundaram, Manojh"]
[Result "0-1"]
[WhiteElo "951"]
[BlackElo "1253"]
[PlyCount "56"]
[GameId "2160767909258777"]
[EventDate "2013.08.14"]
[EventType "swiss"]
[EventRounds "9"]
[EventCountry "CAN"]
[SourceTitle "EXT 2022"]
[Source "ChessBase"]
[SourceDate "2021.10.06"]
[SourceVersion "1"]
[SourceVersionDate "2021.10.06"]
[SourceQuality "1"]

1. e4 e6 2. d4 d5 3. Nc3 Bb4 4. Bd2 Bxc3 5. Bxc3 dxe4 6. Qd2 Nf6 7. O-O-O O-O 8. Qg5 Nd5 9. Qg3 Nxc3 10. bxc3 Qe7 11. c4 Nc6 12. d5 exd5 13. cxd5 Nb4 14. Qa3 Nd3+ 15. Rxd3 Qf6 16. Rc3 Qxf2 17. Ne2 Bg4 18. Ng3 Rfe8 19. Rxc7 Qf4+ 20. Kb1 Qxc7 21. d6 Qb6+ 22. Ka1 Re6 23. d7 Qd4+ 24. Qb2 Qxb2+ 25. Kxb2 Rb6+ 26. Ka1 Rd8 27. Nxe4 Rxd7 28. Nc3 Rd1+ 0-1

[Event "NAYCC U10"]
[Site "Toronto CAN"]
[Date "2013.08.15"]
[Round "3"]
[White "Mirabelli, Aidan"]
[Black "Bate, William"]
[Result "1-0"]
[WhiteElo "913"]
[BlackElo "748"]
[PlyCount "97"]
[GameId "2160767909258778"]
[EventDate "2013.08.14"]
[EventType "swiss"]
[EventRounds "9"]
[EventCountry "CAN"]
[SourceTitle "EXT 2022"]
[Source "ChessBase"]
[SourceDate "2021.10.06"]
[SourceVersion "1"]
[SourceVersionDate "2021.10.06"]
[SourceQuality "1"]

1. e4 e5 2. Nf3 Nc6 3. Bc4 Bc5 4. c3 Na5 5. Be2 Nf6 6. b4 Bxf2+ 7. Kxf2 Nc6 8. d3 O-O 9. Rf1 Ng4+ 10. Kg1 a5 11. b5 Ne7 12. h3 Nf6 13. Nxe5 d6 14. Nf3 c6 15. a4 Bd7 16. d4 cxb5 17. axb5 Qb6 18. Qd3 d5 19. e5 Ne8 20. Ba3 Nc7 21. Bxe7 Rfe8 22. Bc5 Qxb5 23. Qxb5 Nxb5 24. Rc1 Nc7 25. c4 dxc4 26. Bxc4 Na6 27. Rd1 Nb4 28. Ng5 Be6 29. Nxe6 fxe6 30. Bxb4 axb4 31. Rxa8 Rxa8 32. Bxe6+ Kf8 33. Nd2 Re8 34. Rf1+ Ke7 35. Bd5 Rd8 36. Bxb7 Rb8 37. Bd5 Rd8 38. Bc4 Rxd4 39. Rf2 g6 40. Bg8 h6 41. e6 Rd8 42. Bf7 g5 43. Ne4 Rd4 44. Nf6 Rh4 45. Ng8+ Kf8 46. e7+ Kg7 47. e8=Q Kh7 48. Nf6+ Kg7 49. Qg8# 1-0

[Event "NAYCC U10"]
[Site "Toronto CAN"]
[Date "2013.08.15"]
[Round "3"]
[White "Mocanu, Alexander"]
[Black "Xiong, Dylan"]
[Result "0-1"]
[WhiteElo "884"]
[BlackElo "727"]
[PlyCount "52"]
[GameId "2160767909258779"]
[EventDate "2013.08.14"]
[EventType "swiss"]
[EventRounds "9"]
[EventCountry "CAN"]
[SourceTitle "EXT 2022"]
[Source "ChessBase"]
[SourceDate "2021.10.06"]
[SourceVersion "1"]
[SourceVersionDate "2021.10.06"]
[SourceQuality "1"]

1. e4 e5 2. Nf3 Nc6 3. d3 Nf6 4. c3 Be7 5. Be3 O-O 6. b4 b5 7. a4 bxa4 8. Nbd2 Bb7 9. Rxa4 d6 10. b5 Nb8 11. Rxa7 Rxa7 12. Bxa7 c6 13. bxc6 Nxc6 14. Be3 Qa5 15. Qc2 Ng4 16. Be2 Nxe3 17. fxe3 Rc8 18. Nb3 Qb6 19. d4 exd4 20. exd4 Nb4 21. Qc1 Bxe4 22. Qe3 Nc2+ 23. Kd2 Nxe3 24. Kxe3 Qxb3 25. Kxe4 d5+ 26. Kd3 Qxc3# 0-1

[Event "NAYCC U10"]
[Site "Toronto CAN"]
[Date "2013.08.15"]
[Round "3"]
[White "Moreno Vasquez, Esteban"]
[Black "Lin, Benjamin1"]
[Result "0-1"]
[WhiteElo "1717"]
[BlackElo "1500"]
[PlyCount "128"]
[GameId "2160767909258780"]
[EventDate "2013.08.14"]
[EventType "swiss"]
[EventRounds "9"]
[EventCountry "CAN"]
[SourceTitle "EXT 2022"]
[Source "ChessBase"]
[SourceDate "2021.10.06"]
[SourceVersion "1"]
[SourceVersionDate "2021.10.06"]
[SourceQuality "1"]

1. c4 e5 2. Nc3 Nf6 3. Nf3 Nc6 4. g3 Bc5 5. Bg2 O-O 6. O-O d6 7. d3 h6 8. a3 a5 9. Rb1 Be6 10. Bd2 Qc8 11. Re1 Bh3 12. Bh1 Ng4 13. e3 f5 14. Re2 Qd7 15. Nd5 Rae8 16. b4 axb4 17. axb4 Ba7 18. Ra1 Ra8 19. Be1 Bb6 20. Raa2 Ne7 21. Nxb6 cxb6 22. Qb3 Kh8 23. Rxa8 Rxa8 24. Ra2 Rxa2 25. Qxa2 b5 26. Nd2 b6 27. cxb5 Qxb5 28. Nc4 d5 29. Nd6 Qc6 30. Nf7+ Kh7 31. Bd2 Qe6 32. Nd8 Qc8 33. Nf7 e4 34. dxe4 fxe4 35. Qb2 Qf5 36. f4 exf3 37. Ng5+ hxg5 38. Be1 f2+ 39. Bxf2 Nxf2 40. Qxf2 Qxf2+ 41. Kxf2 Kg6 42. Kf3 Kf5 43. b5 Bf1 44. g4+ Ke5 45. Kg3 Bxb5 46. h4 gxh4+ 47. Kxh4 Bd3 48. Bf3 b5 49. Kg3 b4 50. Bd1 Ke4 51. Kf2 Bc4 52. Bc2+ Ke5 53. Kf3 b3 54. Bb1 Nc6 55. Kf2 Nb4 56. Ke1 Bd3 57. Bxd3 Nxd3+ 58. Kd2 b2 59. Kc2 Ke4 60. g5 Kxe3 61. g6 Kf4 62. Kb1 Kf5 63. Kc2 Kxg6 64. Kxd3 b1=Q+ 0-1

[Event "NAYCC U10"]
[Site "Toronto CAN"]
[Date "2013.08.15"]
[Round "3"]
[White "Pan, David"]
[Black "Zhang, Jason S"]
[Result "1/2-1/2"]
[WhiteElo "1863"]
[BlackElo "1605"]
[PlyCount "121"]
[GameId "2160767909258781"]
[EventDate "2013.08.14"]
[EventType "swiss"]
[EventRounds "9"]
[EventCountry "CAN"]
[SourceTitle "EXT 2022"]
[Source "ChessBase"]
[SourceDate "2021.10.06"]
[SourceVersion "1"]
[SourceVersionDate "2021.10.06"]
[SourceQuality "1"]

1. e4 c5 2. d4 cxd4 3. c3 Nf6 4. e5 Nd5 5. cxd4 Nc6 6. Nf3 e6 7. Nc3 Nb6 8. Bd3 d6 9. Bf4 dxe5 10. dxe5 Be7 11. O-O O-O 12. a3 Nd5 13. Nxd5 exd5 14. Qc2 Be6 15. Bxh7+ Kh8 16. Bf5 Rc8 17. Bxe6 fxe6 18. Qd2 Na5 19. Nd4 Qb6 20. Be3 Nc4 21. Qe2 Bc5 22. Qh5+ Kg8 23. Qg4 Rce8 24. Nxe6 Qxe6 25. Qxe6+ Rxe6 26. Bxc5 Rf4 27. b3 Nxe5 28. Rfe1 Rg4 29. Kf1 b6 30. Bb4 d4 31. h3 Rh4 32. g3 Rxh3 33. Kg2 Rhh6 34. Rad1 Nc6 35. Bd2 Rxe1 36. Rxe1 Rd6 37. Bf4 Rd5 38. Kf3 Rd7 39. Rc1 Nd8 40. Ke4 Ne6 41. b4 a5 42. Rc6 Nxf4 43. gxf4 axb4 44. axb4 b5 45. Rc2 Kf7 46. Rd2 Kf6 47. Rxd4 Rxd4+ 48. Kxd4 Kf5 49. Ke3 g6 50. f3 Kf6 51. Ke4 Ke6 52. Kd4 Kf5 53. Ke3 Ke6 54. Ke4 Kf6 55. Ke3 Kf5 56. Kd4 Kxf4 57. Kc5 Kxf3 58. Kxb5 g5 59. Ka6 g4 60. b5 g3 61. b6 1/2-1/2

[Event "NAYCC U10"]
[Site "Toronto CAN"]
[Date "2013.08.15"]
[Round "3"]
[White "Ren, Gaven"]
[Black "Rajsic, William"]
[Result "0-1"]
[WhiteElo "716"]
[BlackElo "1209"]
[PlyCount "136"]
[GameId "2160767909258782"]
[EventDate "2013.08.14"]
[EventType "swiss"]
[EventRounds "9"]
[EventCountry "CAN"]
[SourceTitle "EXT 2022"]
[Source "ChessBase"]
[SourceDate "2021.10.06"]
[SourceVersion "1"]
[SourceVersionDate "2021.10.06"]
[SourceQuality "1"]

1. d4 d5 2. c4 e6 3. cxd5 exd5 4. Nc3 Nf6 5. Nf3 Bb4 6. Bg5 Bxc3+ 7. bxc3 O-O 8. c4 c6 9. e3 h6 10. Bh4 Qd6 11. c5 Qc7 12. Bd3 Bg4 13. O-O Ne4 14. Qc2 Re8 15. h3 Bh5 16. g4 Bg6 17. Ne5 Bh7 18. f3 f6 19. fxe4 fxe5 20. exd5 Bxd3 21. Qxd3 cxd5 22. Rf5 Nd7 23. Bg3 e4 24. Bxc7 exd3 25. Rf3 Rf8 26. Rxf8+ Rxf8 27. Rd1 Rf3 28. Rxd3 Rxh3 29. Kg2 Rh4 30. Kg3 Rh1 31. Kf4 Kf7 32. g5 hxg5+ 33. Kxg5 Rg1+ 34. Kf4 Kf6 35. e4 dxe4 36. Kxe4 g5 37. Rf3+ Kg6 38. Bh2 Nf6+ 39. Kd3 Rg2 40. Bb8 Rxa2 41. Rg3 Ra3+ 42. Kc4 Rxg3 43. Bxg3 Kf5 44. Be5 Ke6 45. d5+ Nxd5 46. Bd6 Nf4 47. Bxf4 gxf4 48. Kd4 b6 49. cxb6 axb6 50. Ke4 b5 51. Kxf4 Kd5 52. Ke3 Kc4 53. Kd2 Kb3 54. Kc1 Ka2 55. Kc2 b4 56. Kc1 b3 57. Kd1 b2 58. Kc2 b1=Q+ 59. Kc3 Qd1 60. Kc4 Qh5 61. Kd4 Kb3 62. Ke4 Kc4 63. Kf4 Kd5 64. Kg3 Qf5 65. Kh4 Qg6 66. Kh3 Ke4 67. Kh4 Kf3 68. Kh3 Qh5# 0-1

[Event "NAYCC U10"]
[Site "Toronto CAN"]
[Date "2013.08.15"]
[Round "3"]
[White "Ruan, Colin"]
[Black "Atanasov, Dimitar"]
[Result "1-0"]
[WhiteElo "1186"]
[BlackElo "916"]
[PlyCount "69"]
[GameId "2160767909258783"]
[EventDate "2013.08.14"]
[EventType "swiss"]
[EventRounds "9"]
[EventCountry "CAN"]
[SourceTitle "EXT 2022"]
[Source "ChessBase"]
[SourceDate "2021.10.06"]
[SourceVersion "1"]
[SourceVersionDate "2021.10.06"]
[SourceQuality "1"]

1. e4 e6 2. d3 d5 3. Nd2 c5 4. Ngf3 Nc6 5. g3 Nf6 6. Bg2 Be7 7. O-O O-O 8. Re1 Re8 9. Nf1 dxe4 10. dxe4 Qxd1 11. Rxd1 Nxe4 12. Bf4 Nf6 13. Ne3 Bf8 14. Nc4 Ne7 15. Nfe5 Ng6 16. Nxg6 hxg6 17. Na3 e5 18. Bg5 Bf5 19. c4 Rab8 20. Nb5 a6 21. Nc7 Re7 22. Nd5 Nxd5 23. Rxd5 Ree8 24. Re1 f6 25. Be3 Be6 26. Rd2 Bxc4 27. Rc2 Bxa2 28. Bxc5 Bxc5 29. Rxc5 b5 30. Ra1 Bf7 31. Rxa6 Rec8 32. Rac6 Rxc6 33. Bxc6 Rc8 34. Rc2 Be8 35. Bd5+ 1-0

[Event "NAYCC U10"]
[Site "Toronto CAN"]
[Date "2013.08.15"]
[Round "3"]
[White "Surya, Benito"]
[Black "Klement, Ido"]
[Result "1-0"]
[WhiteElo "1619"]
[BlackElo "1130"]
[PlyCount "39"]
[GameId "2160767909258784"]
[EventDate "2013.08.14"]
[EventType "swiss"]
[EventRounds "9"]
[EventCountry "CAN"]
[SourceTitle "EXT 2022"]
[Source "ChessBase"]
[SourceDate "2021.10.06"]
[SourceVersion "1"]
[SourceVersionDate "2021.10.06"]
[SourceQuality "1"]

1. e4 e6 2. d3 d5 3. Nd2 Ne7 4. Ngf3 Nbc6 5. g3 d4 6. Bg2 b6 7. O-O Bb7 8. Re1 e5 9. a3 g6 10. h4 Bc8 11. Nh2 Bg7 12. Ndf3 O-O 13. Bd2 f5 14. Qc1 Rf7 15. b4 b5 16. Bg5 Qe8 17. exf5 Nxf5 18. Nxe5 Nxe5 19. Bxa8 Nd7 20. Bd5 1-0

[Event "NAYCC U10"]
[Site "Toronto CAN"]
[Date "2013.08.15"]
[Round "3"]
[White "Wang, Frank2"]
[Black "Yong, Nathaniel"]
[Result "1-0"]
[WhiteElo "1374"]
[BlackElo "1014"]
[PlyCount "47"]
[GameId "2160767909258785"]
[EventDate "2013.08.14"]
[EventType "swiss"]
[EventRounds "9"]
[EventCountry "CAN"]

1. e4 c5 2. Nf3 d6 3. Nc3 Nf6 4. d4 cxd4 5. Nxd4 a6 6. Bc4 e6 7. O-O b5 8. Bb3 Be7 9. Qf3 Bb7 10. Re1 O-O 11. Qg3 Re8 12. Bxe6 Bf8 13. Nf5 g6 14. Bb3 Nxe4 15. Nxe4 Bxe4 16. Nh6+ Bxh6 17. Bxh6 Nc6 18. Qc3 Ne5 19. Rxe4 Qf6 20. Rf4 Qe7 21. Rxf7 Nf3+ 22. Rxf3+ d5 23. Bxd5+ Qf7 24. Bxf7# 1-0

[Event "NAYCC U10"]
[Site "Toronto CAN"]
[Date "2013.08.15"]
[Round "3"]
[White "Wong, Anthony G"]
[Black "Atchuthananthan, Arun"]
[Result "1-0"]
[WhiteElo "1482"]
[BlackElo "1032"]
[PlyCount "71"]
[GameId "2160767909258786"]
[EventDate "2013.08.14"]
[EventType "swiss"]
[EventRounds "9"]
[EventCountry "CAN"]
[SourceTitle "EXT 2022"]
[Source "ChessBase"]
[SourceDate "2021.10.06"]
[SourceVersion "1"]
[SourceVersionDate "2021.10.06"]
[SourceQuality "1"]

1. c4 e5 2. Nc3 Nf6 3. g3 d5 4. cxd5 Nxd5 5. Bg2 c6 6. Nf3 f6 7. O-O Be7 8. Qb3 O-O 9. e4 Be6 10. exd5 cxd5 11. d4 Nc6 12. dxe5 fxe5 13. Qc2 d4 14. Nb1 Rc8 15. Qe2 Bf6 16. a3 Bg4 17. h3 Be6 18. Rd1 Re8 19. Nc3 Qc7 20. Ne4 Na5 21. Bg5 Bxg5 22. Nfxg5 Qc2 23. Qxc2 Rxc2 24. Rd2 Bb3 25. Rxc2 Bxc2 26. Rc1 d3 27. Nd2 Nb3 28. Bd5+ Kh8 29. Bxb3 Bxb3 30. Nxb3 e4 31. Rd1 Kg8 32. Nd2 e3 33. fxe3 Rxe3 34. Nf1 Re2 35. Rxd3 h6 36. Rd8+ 1-0

[Event "NAYCC U10"]
[Site "Toronto CAN"]
[Date "2013.08.15"]
[Round "3"]
[White "Yaskolko, Maxim"]
[Black "Ju, Lawrence"]
[Result "1-0"]
[WhiteElo "1741"]
[BlackElo "1420"]
[PlyCount "43"]
[GameId "2160767909258787"]
[EventDate "2013.08.14"]
[EventType "swiss"]
[EventRounds "9"]
[EventCountry "CAN"]
[SourceTitle "EXT 2022"]
[Source "ChessBase"]
[SourceDate "2021.10.06"]
[SourceVersion "1"]
[SourceVersionDate "2021.10.06"]
[SourceQuality "1"]

1. e4 c5 2. Nf3 Nc6 3. d4 cxd4 4. Nxd4 Nf6 5. Nc3 g6 6. Be3 Bg7 7. f3 O-O 8. Bc4 Qb6 9. Qd3 Nxe4 10. O-O-O Bxd4 11. Bxd4 Nxd4 12. Qxe4 Nc6 13. h4 Re8 14. h5 Kg7 15. hxg6 fxg6 16. Qf4 e6 17. Qh6+ Kf6 18. Qh4+ Kf7 19. Qxh7+ Kf6 20. Ne4+ Ke5 21. Qh2+ Kf5 22. g4# 1-0

[Event "NAYCC U10"]
[Site "Toronto CAN"]
[Date "2013.08.15"]
[Round "3"]
[White "Yu, Ryan"]
[Black "Brumund, Matthias"]
[Result "1-0"]
[WhiteElo "802"]
[BlackElo "916"]
[PlyCount "77"]
[GameId "2160767739919894"]
[EventDate "2013.08.14"]
[EventType "swiss"]
[EventRounds "9"]
[EventCountry "CAN"]
[SourceTitle "EXT 2022"]
[Source "ChessBase"]
[SourceDate "2021.10.06"]
[SourceVersion "1"]
[SourceVersionDate "2021.10.06"]
[SourceQuality "1"]

1. e4 e5 2. Nf3 Nc6 3. Nc3 Nf6 4. Bc4 Bb4 5. d3 O-O 6. O-O d6 7. h3 h6 8. a3 Bc5 9. b4 Bb6 10. Re1 Bd7 11. Be3 Bxe3 12. Rxe3 Nd4 13. Re1 b5 14. Nxd4 exd4 15. Nxb5 a6 16. Nxd4 c5 17. bxc5 dxc5 18. Nf3 Bb5 19. Bxb5 axb5 20. e5 Nd5 21. Qe2 Nc3 22. Qe3 Rc8 23. d4 cxd4 24. Nxd4 Nd5 25. Qd3 Nf4 26. Qe3 Nd5 27. Qd3 Nc3 28. e6 Rc4 29. e7 Qd7 30. exf8=Q+ Kxf8 31. Ne6+ Qxe6 32. Rxe6 fxe6 33. Re1 Ne4 34. Qd1 Nc5 35. Qd6+ Kf7 36. Re5 Rxc2 37. Rxc5 Rxc5 38. Qxc5 h5 39. Qxb5 {...} 1-0

[Event "NAYCC U10"]
[Site "Toronto CAN"]
[Date "2013.08.15"]
[Round "3"]
[White "Zeng, Leo"]
[Black "Low, Ethan"]
[Result "0-1"]
[WhiteElo "1002"]
[BlackElo "1397"]
[PlyCount "104"]
[GameId "2160767909258788"]
[EventDate "2013.08.14"]
[EventType "swiss"]
[EventRounds "9"]
[EventCountry "CAN"]
[SourceTitle "EXT 2022"]
[Source "ChessBase"]
[SourceDate "2021.10.06"]
[SourceVersion "1"]
[SourceVersionDate "2021.10.06"]
[SourceQuality "1"]

1. e4 d6 2. Nf3 Nf6 3. Nc3 Nbd7 4. g3 e5 5. Bg2 c6 6. d3 Be7 7. Be3 Qc7 8. O-O O-O 9. Ne2 d5 10. exd5 cxd5 11. d4 e4 12. Nd2 Ng4 13. Bf4 Bd6 14. Bxd6 Qxd6 15. h3 Ngf6 16. Nb3 Re8 17. Qd2 Nb6 18. Qf4 Qxf4 19. Nxf4 Nc4 20. Rab1 a5 21. a4 Bd7 22. Rfd1 Bxa4 23. Re1 Rad8 24. Re2 b6 25. Nd2 Bxc2 26. Rc1 Nxd2 27. Rxc2 Nf3+ 28. Bxf3 exf3 29. Rxe8+ Rxe8 30. Rc3 g5 31. Nd3 Re4 32. Rc8+ Re8 33. Rxe8+ Nxe8 34. Ne5 Nd6 35. Nxf3 Nc4 36. b3 Nd6 37. Nxg5 b5 38. f4 a4 39. bxa4 bxa4 40. Nf3 a3 41. Nd2 a2 42. Nb3 Nb5 43. Kf2 Nxd4 44. Na1 Kf8 45. h4 h5 46. g4 hxg4 47. Kg3 f5 48. h5 Nf3 49. Nc2 d4 50. Kf2 d3 51. Na1 d2 52. Ke2 g3 0-1

[Event "NAYCC U10"]
[Site "Toronto CAN"]
[Date "2013.08.15"]
[Round "3"]
[White "Zhang, Henry"]
[Black "Niemann, Hans Moke"]
[Result "0-1"]
[WhiteElo "1414"]
[BlackElo "1835"]
[PlyCount "114"]
[GameId "2160767909258789"]
[EventDate "2013.08.14"]
[EventType "swiss"]
[EventRounds "9"]
[EventCountry "CAN"]
[SourceTitle "EXT 2022"]
[Source "ChessBase"]
[SourceDate "2021.10.06"]
[SourceVersion "1"]
[SourceVersionDate "2021.10.06"]
[SourceQuality "1"]

1. e4 c5 2. Nf3 d6 3. d4 cxd4 4. Nxd4 Nf6 5. Nc3 a6 6. Be3 b5 7. f3 Bb7 8. Qd2 Nbd7 9. a4 b4 10. Na2 a5 11. c3 bxc3 12. Nxc3 e6 13. Bb5 Be7 14. Rc1 Rc8 15. O-O O-O 16. Na2 Nc5 17. b4 axb4 18. Nxb4 Qb6 19. Qa2 d5 20. e5 Nfd7 21. Bxd7 Nxd7 22. Nd3 Nc5 23. a5 Qd8 24. Nb4 f6 25. exf6 Bxf6 26. Rxc5 Rxc5 27. Nxe6 Rxa5 28. Nxd8 Rxa2 29. Nxa2 Rxd8 30. Rd1 d4 31. Bf2 Bd5 32. Nb4 Bb3 33. Rd2 Rd6 34. Kf1 Bc4+ 35. Nd3 Ra6 36. Ke1 Ra1+ 37. Ke2 Ra3 38. h4 Kf7 39. g4 g5 40. hxg5 Bxg5 41. Rd1 Bf6 42. Be1 Ke6 43. f4 Kd5 44. g5 Bg7 45. Bb4 Rb3 46. Be7 Ke4 47. f5 Bxd3+ 48. Kf2 Kxf5 49. Rh1 Rb2+ 50. Kg3 Be5+ 51. Kh4 Rh2+ 52. Rxh2 Bxh2 53. Bb4 Be2 54. Bd2 Bg4 55. g6 hxg6 56. Bf4 Bg1 57. Bh2 Bf2+ 0-1

[Event "NAYCC U10"]
[Site "Toronto CAN"]
[Date "2013.08.15"]
[Round "3"]
[White "Zheng, Ethan"]
[Black "Tang, Daniel"]
[Result "1-0"]
[WhiteElo "1237"]
[BlackElo "933"]
[PlyCount "103"]
[GameId "2160767909258790"]
[EventDate "2013.08.14"]
[EventType "swiss"]
[EventRounds "9"]
[EventCountry "CAN"]
[SourceTitle "EXT 2022"]
[Source "ChessBase"]
[SourceDate "2021.10.06"]
[SourceVersion "1"]
[SourceVersionDate "2021.10.06"]
[SourceQuality "1"]

1. d4 d5 2. c4 f5 3. cxd5 Qxd5 4. Nc3 Qd8 5. Nf3 Nf6 6. Bf4 e6 7. e3 Bb4 8. Be2 a6 9. O-O Bxc3 10. bxc3 Nc6 11. Bd3 Bd7 12. Re1 Qe7 13. Bxc7 O-O 14. Bf4 Qa3 15. Qc2 Rac8 16. c4 Qb4 17. c5 b6 18. Bxa6 Ra8 19. Rab1 Qa3 20. Bb7 Nb4 21. Rxb4 Qxb4 22. Bxa8 Rxa8 23. Rb1 Qa3 24. cxb6 Qxa2 25. Qxa2 Rxa2 26. b7 Kf7 27. b8=Q Rc2 28. Qb3 Rc8 29. Nh4 g6 30. Bg5 Nd5 31. Qb7 Ke8 32. Ra1 Rc7 33. Qb3 Kf7 34. f3 Rc3 35. Qb2 Bc8 36. e4 Rc7 37. exd5 exd5 38. Qb8 Rc2 39. Ra7+ Ke8 40. Qb5+ Kf8 41. Qxd5 Rc1+ 42. Bxc1 Ke8 43. Qe5+ Kf8 44. Ba3+ Kg8 45. d5 g5 46. d6 gxh4 47. Qd5+ Kf8 48. d7+ Kg7 49. d8=N+ Kg6 50. Qf7+ Kg5 51. Bc1+ f4 52. Bxf4# 1-0

[Event "NAYCC U10"]
[Site "Toronto CAN"]
[Date "2013.08.15"]
[Round "3"]
[White "Zheng, Victor"]
[Black "Wang, Andrew B"]
[Result "0-1"]
[WhiteElo "1016"]
[BlackElo "1745"]
[PlyCount "82"]
[GameId "2160767739919895"]
[EventDate "2013.08.14"]
[EventType "swiss"]
[EventRounds "9"]
[EventCountry "CAN"]
[SourceTitle "EXT 2022"]
[Source "ChessBase"]
[SourceDate "2021.10.06"]
[SourceVersion "1"]
[SourceVersionDate "2021.10.06"]
[SourceQuality "1"]

1. d4 d5 2. c4 c6 3. Nc3 Nf6 4. Nf3 Bf5 5. Qb3 Qb6 6. Qd1 e6 7. e3 Nbd7 8. c5 Qc7 9. b4 a6 10. Be2 Be7 11. O-O h6 12. Nh4 Bh7 13. Nf3 O-O 14. Bd3 Bxd3 15. Qxd3 b6 16. Re1 bxc5 17. bxc5 e5 18. Qf5 e4 19. Nd2 Qa5 20. Bb2 Rab8 21. Nb3 Qc7 22. f3 exf3 23. Qxf3 a5 24. Rab1 Qa7 25. e4 a4 26. Nd2 Nxe4 27. Ndxe4 dxe4 28. Qxe4 Bf6 29. Ne2 Nxc5 30. dxc5 Bxb2 31. Qxc6 Rfc8 32. Qe4 Qxc5+ 33. Kh1 a3 34. h3 Qc4 35. Qxc4 Rxc4 36. Red1 Rcc8 37. Kh2 Be5+ 38. Ng3 Bxg3+ 39. Kxg3 Rc3+ 40. Kh2 Rb2 41. Ra1 Rcc2 {...} 0-1

[Event "NAYCC U10"]
[Site "Toronto CAN"]
[Date "2013.08.16"]
[Round "4"]
[White "Atanasov, Dimitar"]
[Black "Zheng, Victor"]
[Result "1/2-1/2"]
[WhiteElo "916"]
[BlackElo "1016"]
[PlyCount "95"]
[GameId "2160767909258791"]
[EventDate "2013.08.14"]
[EventType "swiss"]
[EventRounds "9"]
[EventCountry "CAN"]
[SourceTitle "hb 2013"]

1. e4 e5 2. Nf3 Nc6 3. Bb5 Bc5 4. O-O d6 5. h3 Nf6 6. Re1 O-O 7. c3 a6 8. Ba4 Re8 9. d4 exd4 10. cxd4 Bb4 11. Bxc6 bxc6 12. Bd2 Bxd2 13. Nbxd2 d5 14. exd5 cxd5 15. Nb3 Bf5 16. Rxe8+ Qxe8 17. Qe1 Qa4 18. Qa5 Qxa5 19. Nxa5 Nd7 20. Nc6 Re8 21. Nb4 Be4 22. Nxa6 Bxf3 23. gxf3 c6 24. Nb4 Rc8 25. Rc1 Nb8 26. Nxd5 Rd8 27. Ne7+ Kf8 28. Nxc6 Nxc6 29. Rxc6 Rxd4 30. a3 Rd1+ 31. Kg2 Rb1 32. b4 Ke7 33. Rc4 Ra1 34. Rc3 Rb1 35. f4 Ke6 36. Kf3 f5 37. Ke3 Rb2 38. Kd4 Rxf2 39. Re3+ Kd6 40. Rd3 Kc6 41. Ke5 g6 42. Rb3 Kb5 43. Re3 Ka4 44. Rd3 Ra2 45. Re3 Rf2 46. Rd3 Re2+ 47. Kf6 Rf2 48. Kg5 1/2-1/2

[Event "NAYCC U10"]
[Site "Toronto CAN"]
[Date "2013.08.16"]
[Round "4"]
[White "Atchuthananthan, Arun"]
[Black "Luo, Benett"]
[Result "1/2-1/2"]
[WhiteElo "1032"]
[BlackElo "749"]
[PlyCount "69"]
[GameId "2160767909258792"]
[EventDate "2013.08.14"]
[EventType "swiss"]
[EventRounds "9"]
[EventCountry "CAN"]
[SourceTitle "hb 2013"]

1. e4 c5 2. c3 e5 3. Nf3 d6 4. Na3 Nc6 5. d4 cxd4 6. cxd4 Bg4 7. Bb5 a6 8. d5 axb5 9. dxc6 bxc6 10. O-O Nf6 11. Re1 Be7 12. Qc2 Rc8 13. Bd2 Bxf3 14. gxf3 O-O 15. b3 d5 16. Nb1 Qd7 17. a4 b4 18. Bg5 h6 19. Bxf6 Bxf6 20. Nd2 Be7 21. a5 f5 22. Ra4 f4 23. Rea1 Qh3 24. Qd1 Rf6 25. Qf1 Qh5 26. a6 Bc5 27. Ra5 Bd4 28. a7 Ra8 29. R1a2 Bc3 30. Qe2 Bxd2 31. Ra1 Qh3 32. Kh1 Rg6 33. Rg1 Rxg1+ 34. Kxg1 Bc3 35. Qa6 1/2-1/2

[Event "NAYCC U10"]
[Site "Toronto CAN"]
[Date "2013.08.16"]
[Round "4"]
[White "Bate, William"]
[Black "Jeyakumar, Yathushan"]
[Result "0-1"]
[WhiteElo "748"]
[BlackElo "849"]
[PlyCount "51"]
[GameId "2160767909258793"]
[EventDate "2013.08.14"]
[EventType "swiss"]
[EventRounds "9"]
[EventCountry "CAN"]
[SourceTitle "hb 2013"]

1. e4 e5 2. d3 Nc6 3. Nf3 Nf6 4. Nc3 Bb4 5. a3 Bxc3+ 6. bxc3 d6 7. d4 exd4 8. cxd4 Nxe4 9. Qe2 Qe7 10. Bg5 f6 11. Bd2 Nxd2 12. Qxe7+ Nxe7 13. Nxd2 Nc6 14. Bb5 a6 15. Bxc6+ bxc6 16. O-O O-O 17. Nc4 Bg4 18. f3 Bf5 19. c3 Bd3 20. Nd2 Bxf1 21. Rxf1 c5 22. dxc5 dxc5 23. Ne4 c4 24. Nd2 Rfd8 25. Nxc4 Rd3 26. Rc1 0-1